Histoire de la ville de Noyon et de ses institutions jusqu'a la fin du XIIIe siècle / (Record no. 157456)

MARC details
000 -LEADER
campo de control de longitud fija 00899nam a22002055i 4500
001 - NÚMERO DE CONTROL
campo de control 157456
003 - IDENTIFICADOR DE NÚMERO DE CONTROL
campo de control ES-MaACL
005 - FECHA Y HORA DE LA ÚLTIMA TRANSACCIÓN
campo de control 20250905063051.0
008 - DATOS DE LONGITUD FIJA--INFORMACIÓN GENERAL
campo de control de longitud fija 040902s1887 fr |||| | fre d
100 1# - ENTRADA PRINCIPAL--NOMBRE DE PERSONA
Nombre de persona Lefranc, Abel,
Fechas asociadas al nombre 1863-1952
9 (RLIN) 71251
245 10 - MENCIÓN DEL TÍTULO
Título Histoire de la ville de Noyon et de ses institutions jusqu'a la fin du XIIIe siècle /
Mención de responsabilidad, etc. par Abel Lefranc.
260 ## - PUBLICACIÓN, DISTRIBUCIÓN, ETC.
Lugar de publicación, distribución, etc. Paris :
Nombre del editor, distribuidor, etc. F. Vieweg,
Fecha de publicación, distribución, etc. 1887 (
Lugar de fabricación/manufactura Macon :
Fabricante Imp. Protat Frères)
300 ## - DESCRIPCIÓN FÍSICA
Extensión X, 251 p. ;
Dimensiones 24 cm.
490 1# - MENCIÓN DE SERIE
Mención de serie Bibliothéque de l'école des hautes études. Sciences philologiques et historiques ;
Designación de volumen o secuencia fasc. 75
651 #4 - PUNTO DE ACCESO ADICIONAL DE MATERIA--NOMBRE GEOGRÁFICO
Nombre geográfico Noyon (Francia)-
Subdivisión general Historia.
9 (RLIN) 137285
651 #4 - PUNTO DE ACCESO ADICIONAL DE MATERIA--NOMBRE GEOGRÁFICO
Nombre geográfico Francia-
Subdivisión general Instituciones-
-- Historia.
9 (RLIN) 156505
830 10 - PUNTO DE ACCESO ADICIONAL DE SERIE-TÍTULO UNIFORME
Título uniforme Bibliothèque de l'École des Hautes Études. Sciences historiques et philologiques
Designación de volumen o secuencia fasc. 75
9 (RLIN) 229685
852 ## - LOCALIZACIÓN
Ubicación ES-MaACL
Número de control de estantería C-7603
Nota libre - Enc. hol.
Holdings
Estatus retirado Estado de pérdida Estado de daño No para préstamo Colección Biblioteca de origen Biblioteca actual Ubicación en estantería Fecha de adquisición Fuente de adquisición Total de préstamos Signatura topográfica completa Código de barras Visto por última vez Precio de reemplazo Tipo de ítem Koha
        Libros del s. XIX Biblioteca del Ateneo de Madrid Biblioteca del Ateneo de Madrid Sala Palomar 17/01/2008     C-7603 1164774 23/02/2023 23/02/2023 Libro impreso antiguo